Практические расчеты электроприводов производственных механизмов: учебное пособие для техникумов

Bibliografiske detaljer
Hovedforfatter: Васильев Н. Н. Николай Николаевич
Andre forfattere: Дробязко С. Ф. Северин Федорович
Sprog:russisk
Udgivet: Киев, Машгиз, 1959
Fag:
Format: MixedMaterials Bog
KOHA link:https://koha.lib.tpu.ru/cgi-bin/koha/opac-detail.pl?biblionumber=302888

MARC

LEADER 00000nam0a2200000 4500
001 302888
005 20231102001541.0
035 |a (RuTPU)RU\TPU\book\328105 
090 |a 302888 
100 |a 20150827d1959 m y0rusy50 ca 
101 0 |a rus 
102 |a UA  |a RU 
105 |a a j 001zy 
200 1 |a Практические расчеты электроприводов производственных механизмов  |e учебное пособие для техникумов  |f Н. Н. Васильев, С. Ф. Дробязко 
210 |a Киев  |a Москва  |c Машгиз  |d 1959 
215 |a 152 с.  |c черт. 
320 |a Библиогр.: с. 150-151. 
606 1 |a Электроприводы  |2 stltpush  |3 (RuTPU)RU\TPU\subj\20689  |9 45775 
610 1 |a учебные пособия 
610 1 |a расчеты 
610 1 |a механизмы 
610 1 |a технологические процессы 
610 1 |a асинхронные электродвигатели 
610 1 |a таблицы 
675 |a 62-83(075.32)  |v 4 
700 1 |a Васильев  |b Н. Н.  |g Николай Николаевич 
701 1 |a Дробязко  |b С. Ф.  |g Северин Федорович 
801 1 |a RU  |b 63413507  |c 20150827 
801 2 |a RU  |b 63413507  |c 20150903  |g RCR 
942 |c BK